000 02279nam0a2200361 4500
001 RU\NLR\BIBL_A\022608741
005 20260420052508.0
010 _a978-5-9624-2381-4
_975
021 _aRU
_bКН-П-25-039044
_9КН-П-25-3814
035 _a(NLR Aleph) 022608741
090 _a13682706
_c13682706
100 _a20250825d2025 k y0rusy50 ca
101 0 _arus
_deng
102 _aRU
105 _aa z 100yy
181 0 _ai
_baxxe
182 0 _an
200 1 _aКомбинаторные и вероятностные свойства дискретных структур
_eсборник научных трудов
_fМинистерство науки и высшего образования Российской Федерации, Федеральное государственное бюджетное образовательное учреждение высшего образования "Иркутский государственный университет", Институт математики и информационных технологий
_gпод редакцией доктора физико-математических наук, профессора О. В. Кузьмина
203 _aТекст
_bвизуальный
_cнепосредственный
210 _aИркутск
_cИГУ
_d2024 (макет 2025)
215 _a121 с.
_cил., табл.
_d21
225 1 _aДискретный анализ и информатика
_vвып. 11
300 _aРез. англ.
320 _aБиблиогр. в конце ст. и в подстроч. примеч.
606 1 _aКомбинаторика
_jСборники
_xПеречислительные задачи
_91335410
_3RU\NLR\AUTH\66555966
686 1 _aВ151.3я43
702 1 _4340
_7ca
_8rus
_aКузьмин
_bО. В.
_cд-р физ.-мат. наук
_f1955-
_gОлег Викторович
_924930
_3RU\NLR\AUTH\7741982
712 0 2 _4570
_aИркутский государственный университет
_bИнститут математики и информационных технологий
_9716990
_3RU\NLR\AUTH\880527675
942 _cBOOK
980 _aNB